Evaluation study of the follow-up programme of the Otto Benecke Foundation in Namibia /
Saved in:
| Main Author: | |
|---|---|
| Corporate Author: | |
| Format: | Book |
| Language: | English |
| Published: |
Ausspannplatz, Windhoek, Namibia :
Namibian Economic Policy Research Unit,
1993.
|
| Series: | NEPRU working paper ;
no. 36. |
| Subjects: | |
| Tags: |
Add Tag
No Tags, Be the first to tag this record!
|
| LEADER | 01206cam a22003377a 4500 | ||
|---|---|---|---|
| 001 | 007486348-7 | ||
| 005 | 20041007122820.0 | ||
| 008 | 940714s1993 sx 000 0 eng | ||
| 010 | |a 94981452 | ||
| 035 | 0 | |a ocm30896268 | |
| 040 | |a DLC |c DLC | ||
| 042 | |a lcode | ||
| 043 | |a f-sx--- | ||
| 050 | 0 | 0 | |a HC940.A1 |b N46 no. 36 |
| 100 | 1 | |a Gleichmann, Colin. | |
| 245 | 1 | 0 | |a Evaluation study of the follow-up programme of the Otto Benecke Foundation in Namibia / |c Colin Gleichmann. |
| 260 | |a Ausspannplatz, Windhoek, Namibia : |b Namibian Economic Policy Research Unit, |c 1993. | ||
| 300 | |a vii, 46 p. : |b ill. ; |c 30 cm. | ||
| 490 | 1 | |a NEPRU working paper ; |v no. 36 | |
| 500 | |a "June 1993." | ||
| 500 | |a "This study was commissioned from NEPRU by the Otto Benecke Foundation ..."--P. i. | ||
| 504 | |a Includes bibliographical references (p. 42-43). | ||
| 650 | 0 | |a Occupational retraining |z Namibia. | |
| 650 | 0 | |a Exiles |z Namibia |x Education. | |
| 650 | 0 | |a Exiles |z Namibia |x Employment. | |
| 650 | 0 | |a Vocational qualifications |z Namibia. | |
| 650 | 0 | |a Vocational education |z Namibia. | |
| 710 | 2 | |a Otto Benecke Stiftung. | |
| 830 | 0 | |a NEPRU working paper ; |v no. 36. | |
| 988 | |a 20041007 | ||
| 906 | |0 DLC | ||


